书目信息 |
| 题名: |
摄影发展图史
|
|
| 作者: | 吴炜 著 | |
| 分册: | ||
| 出版信息: | 长春 吉林摄影出版社 2001 |
|
| 页数: | 399页 | |
| 开本: | 29cm | |
| 丛书名: | ||
| 单 册: | ||
| 中图分类: | J409.1-64 | |
| 科图分类: | ||
| 主题词: | 摄影艺术--艺术史--世界--图集 , 摄影艺术 , 艺术史 | |
| 电子资源: | ||
| ISBN: | 7-80606-453-2 | |
| 000 | 00779nam0 2200241 45 | |
| 001 | 012001013579 | |
| 005 | 20070806092951.28 | |
| 010 | @a7-80606-453-2@b精装@dCNY198.00 | |
| 100 | @a20010315d2001 kemy0chiy0110 ea | |
| 101 | 0 | @achi |
| 102 | @aCN@b220000 | |
| 105 | @aa z 000yy | |
| 200 | 1 | @a摄影发展图史@9she ying fa zhan tu shi@f吴炜著 |
| 210 | @a长春@c吉林摄影出版社@d2001 | |
| 215 | @a399页@d29cm | |
| 330 | @a本书内容包括:摄影术的诞生与最初发展;摄影器材的发展;人像摄影的发展;艺术摄影的发展;纪实与新闻报道摄影的发展;广告摄影的发展;彩色摄影的发展。 | |
| 606 | 0 | @a摄影艺术@x艺术史@y世界@j图集 |
| 606 | 0 | @a摄影艺术 |
| 606 | 0 | @a艺术史 |
| 690 | @aJ409.1-64@v4 | |
| 701 | 0 | @a吴炜@9wu wei@4著 |
| 801 | 0 | @aCN@bNLC@c20070806 |
| 905 | @a10447@dJ409.1-64@e224 | |
| 摄影发展图史/吴炜著.-长春:吉林摄影出版社,2001 |
| 399页;29cm |
| ISBN 7-80606-453-2(精装):CNY198.00 |
| 本书内容包括:摄影术的诞生与最初发展;摄影器材的发展;人像摄影的发展;艺术摄影的发展;纪实与新闻报道摄影的发展;广告摄影的发展;彩色摄影的发展。 |
| ● |
| 相关链接 |
|
|
|
|
正题名:摄影发展图史
索取号:J409.1-64/224
 
预约/预借
| 序号 | 登录号 | 条形码 | 馆藏地/架位号 | 状态 | 备注 |
| 1 | 0806955 | 208069551 | 第一样本阅览室/ [索取号:J409.1-64/224] | 在馆 | |
| 2 | 0806956 | 208069560 | 第一借阅区/ [索取号:J409.1-64/224] | 在馆 | |
| 3 | 0806957 | 208069579 | 美术系资料室/ [索取号:J409.1-64/224] | 在馆 |